书目信息 |
| 题名: |
三维虚拟地球技术与实践
|
|
| 作者: | 陈静 著 | |
| 分册: | ||
| 出版信息: | 北京 科学出版社 2017.11 |
|
| 页数: | 170页 | |
| 开本: | 27cm | |
| 丛书名: | ||
| 单 册: | ||
| 中图分类: | P208 | |
| 科图分类: | ||
| 主题词: | 三维--san wei--数字地球 | |
| 电子资源: | ||
| ISBN: | 978-7-03-054936-5 | |
| 000 | 00832nam0 2200241 450 | |
| 001 | 94872 | |
| 005 | 20250821075324.85 | |
| 010 | @a978-7-03-054936-5@b精装@dCNY128.00 | |
| 100 | @a20171213d2017 em y0chiy50 ea | |
| 101 | 0 | @achi |
| 102 | @aCN@b110000 | |
| 105 | @aak a 000yy | |
| 106 | @ar | |
| 200 | 1 | @a三维虚拟地球技术与实践@Asan wei xu ni di qiu ji shu yu shi jian@f陈静 ... [等] 著 |
| 210 | @a北京@c科学出版社@d2017.11 | |
| 215 | @a170页@c图 (部分彩图)@d27cm | |
| 320 | @a有书目 | |
| 330 | @a本书共六章, 主要内容包括面向极地的全球离散网格模型、多源信息组织与可视化方法、面向三维虚拟地球的分析方法、三维虚拟地球软件平台以及三维虚拟地球技术的应用与实践。 | |
| 606 | 0 | @a三维@Asan wei@x数字地球 |
| 690 | @aP208@v5 | |
| 701 | 0 | @a陈静@Achen jing@4著 |
| 801 | 0 | @aCN@c20250909 |
| 905 | @a河南城建学院图书馆@dP208@eC472 | |
| 三维虚拟地球技术与实践/陈静 ... [等] 著.-北京:科学出版社,2017.11 |
| 170页:图 (部分彩图);27cm |
| ISBN 978-7-03-054936-5(精装):CNY128.00 |
| 本书共六章, 主要内容包括面向极地的全球离散网格模型、多源信息组织与可视化方法、面向三维虚拟地球的分析方法、三维虚拟地球软件平台以及三维虚拟地球技术的应用与实践。 |
| ● |
| 相关链接 |
|
|
|
正题名:三维虚拟地球技术与实践
索取号:P208/C472
 
预约/预借
| 序号 | 登录号 | 条形码 | 馆藏地/架位号 | 状态 | 备注 |
| 1 | 1630493 | 216304933 | 自科库401/401自科库 114排2列5层/ [索取号:P208/C472] | 在馆 |